| 000 | 00676nam a2200217 a 4500 | ||
|---|---|---|---|
| 005 | 20210223132309.0 | ||
| 008 | 140217s2011 mx r 000 0 spa d | ||
| 020 | _a9789870602156 | ||
| 035 | _aUPN01000195885 | ||
| 049 | _aCG | ||
| 050 | 4 |
_aLB1719 A7 _bA4.3 |
|
| 100 | 1 |
_aAlliaud, Andrea _928425 |
|
| 245 | 1 | 4 |
_aLos gajes del oficio : _benseñanza, pedagogía y formación / _cAndrea Alliaud y Estanislao Antelo. |
| 260 |
_aBuenos Aires : _bAique, _c2011. |
||
| 300 | _a173 p. | ||
| 440 | 0 | _aNueva carrera docente | |
| 650 | 4 |
_aMAESTROS - _xFORMACION PROFESIONAL - _zARGENTINA _9766 |
|
| 700 | 1 |
_aAntelo, Estanislao, _ecoaut. _939785 |
|
| 905 | _aLibro | ||
| 999 |
_c167986 _d167986 |
||